000 00529nam a2200157 a 4500
001 000029548
005 20200930055629.0
008 110418s1999 dr 000 0 spa d
040 _aDO-SdBNP
_bspa
_cBNPHU
082 _axxxx
_bB582t
245 0 0 _aBibliografía de tesis y trabajos de grado dominicanos en educación.
260 _aSantiago de lo Caballeros :
_bCentro de documentación e Investigación Educativa (Cedie) ;
_bBiblioteca Central,
_c1999.
300 _a41 p. ;
_c29 cm.
500 _aIncluye anexos
049 _aBNPD
999 _c29040
_d29040